[Event "LSS No Engine Cup 226 Final"]
[Site "LSS email"]
[Date "2022.11.03"]
[Round "?"]
[White "Huber, Karl"]
[Black "Jenneborg, Seved"]
[Result "1-0"]
[WhiteElo "2167"]
[BlackElo "2192"]
[PlyCount "137"]
[EventDate "2022.11.03"]
[EventType "tourn (corr)"]
[EventRounds "6"]
[EventCountry "GER"]
[SourceTitle "Corr 2024"]
[Source "ChessBase"]
[SourceDate "2023.10.19"]
[SourceVersion "1"]
[SourceVersionDate "2023.10.19"]
[SourceQuality "1"]

1. e4 e5 2. Nf3 d6 3. d4 exd4 4. Nxd4 Nf6 5. Nc3 Be7 6. Bf4 0-0 7. Qd2 Nc6 8. 0-0-0 Nxd4 9. Qxd4 a6 10. e5 dxe5 11. Qxe5 Bd6 12. Qd4 Be6 13. Bxd6 cxd6 14. Qxd6 Qa5 15. a3 Rfc8 16. Qb4 Qxb4 17. axb4 a5 18. b5 a4 19. Rd4 a3 20. Kb1 Rc7 21. Bd3 Ng4 22. Be2 h5 23. Rhd1 g6 24. R1d2 Rac8 25. h3 Ne5 26. Ra4 axb2 27. Nd5 Bxd5 28. Rxd5 Nd7 29. Rd2 Kg7 30. Kxb2 Re8 31. Ra7 Re5 32. c4 Rf5 33. f3 Rg5 34. Bd3 Rgc5 35. Kb3 Ne5 36. Ra4 Nd7 37. Ra7 Ne5 38. Ra4 Nd7 39. Raa2 Re5 40. Bc2 b6 41. Rd6 Re2 42. Rc6 Re3+ 43. Kb4 Rb7 44. Be4 f5 45. Bd5 Ne5 46. Ra8 h4 47. Re6 Nd3+ 48. Kc3 Rxe6 49. Bxe6 Nc5 50. Bd5 Re7 51. f4 Re1 52. Rg8+ Kh7 53. Rb8 Rf1 54. Rc8 Rxf4 55. Rxc5 bxc5 56. b6 Rf1 57. Kb2 Re1 58. b7 Re8 59. Kb3 g5 60. Bc6 Rf8 61. Ka4 Kh6 62. Kb5 Kh5 63. Kxc5 Kg6 64. Kb6 g4 65. c5 f4 66. hxg4 Kg5 67. Bf3 Re8 68. c6 h3 69. gxh3 1-0

[Event "LSS No Engine Cup 226 Final"]
[Site "LSS email"]
[Date "2022.11.03"]
[Round "?"]
[White "Sheers, Matthew"]
[Black "Jenneborg, Seved"]
[Result "1-0"]
[WhiteElo "2288"]
[BlackElo "2192"]
[PlyCount "87"]
[EventDate "2022.11.03"]
[EventType "tourn (corr)"]
[EventRounds "6"]
[EventCountry "GER"]
[SourceTitle "Corr 2024"]
[Source "ChessBase"]
[SourceDate "2023.10.19"]
[SourceVersion "1"]
[SourceVersionDate "2023.10.19"]
[SourceQuality "1"]

1. d4 d6 2. Nf3 Nf6 3. e3 d5 4. Bd3 c5 5. c3 e6 6. Nbd2 cxd4 7. exd4 Bd6 8. Ne5 0-0 9. 0-0 Qc7 10. f4 b6 11. Rf3 Ba6 12. Bc2 Nc6 13. Rh3 g6 14. Ndf3 h5 15. Ng5 Rac8 16. Be3 Ne7 17. g4 Bxe5 18. fxe5 Nxg4 19. Bf4 Nf5 20. Qd2 Qd7 21. Nf3 Rce8 22. Re1 f6 23. Kh1 Qc8 24. exf6 Rxf6 25. Be5 Rf7 26. Qg5 Nf2+ 27. Kg2 Nxh3 28. Kxh3 Ree7 29. Nh4 Nxh4 30. Kxh4 Qd8 31. Rg1 Rd7 32. Bxg6 Qxg5+ 33. Rxg5 Bf1 34. a4 Bc4 35. b4 Bf1 36. Rxh5 Rh7 37. Bxh7+ Rxh7 38. Rxh7 Kxh7 39. Kg5 b5 40. a5 a6 41. Kf6 Be2 42. Kxe6 Kg8 43. Kd6 Bf3 44. Kc6 1-0

[Event "LSS No Engine Cup 230 Preliminary 0"]
[Site "LSS email"]
[Date "2022.10.08"]
[Round "?"]
[White "Jenneborg, Seved"]
[Black "Mostowik, Pawel"]
[Result "1-0"]
[WhiteElo "2191"]
[BlackElo "2153"]
[PlyCount "31"]
[EventDate "2022.10.08"]
[EventType "tourn (corr)"]
[EventRounds "6"]
[EventCountry "GER"]
[SourceTitle "Corr 2024"]
[Source "ChessBase"]
[SourceDate "2023.10.19"]
[SourceVersion "1"]
[SourceVersionDate "2023.10.19"]
[SourceQuality "1"]

1. d4 d5 2. c4 c6 3. Nf3 Nf6 4. cxd5 cxd5 5. Nc3 Nc6 6. Bf4 Bf5 7. Qb3 Na5 8. Qa4+ Bd7 9. Qc2 Rc8 10. e3 Nh5 11. Be5 f6 12. Bd3 e6 13. Bxh7 Bb4 14. g4 Nc4 15. gxh5 fxe5 16. Nxe5 1-0

[Event "LSS No Engine Cup 230 Preliminary 0"]
[Site "LSS email"]
[Date "2022.10.08"]
[Round "?"]
[White "Jenneborg, Seved"]
[Black "Olsson, Arne"]
[Result "1/2-1/2"]
[WhiteElo "2191"]
[BlackElo "1600"]
[PlyCount "44"]
[EventDate "2022.10.08"]
[EventType "tourn (corr)"]
[EventRounds "6"]
[EventCountry "GER"]
[SourceTitle "Corr 2024"]
[Source "ChessBase"]
[SourceDate "2023.10.19"]
[SourceVersion "1"]
[SourceVersionDate "2023.10.19"]
[SourceQuality "1"]

1. e4 c5 2. c3 Nf6 3. e5 Nd5 4. Nf3 d6 5. d4 cxd4 6. Bc4 Nb6 7. Bb3 d5 8. Nxd4 Nc6 9. Qe2 e6 10. Nf3 Nd7 11. 0-0 Be7 12. Rd1 0-0 13. c4 dxc4 14. Bxc4 a6 15. Bf4 b5 16. Bd3 Bb7 17. a3 Qc7 18. Nbd2 Rfd8 19. Rac1 Nc5 20. Bb1 Nd4 21. Nxd4 Rxd4 22. Ne4 Rxd1+ 1/2-1/2

[Event "LSS No Engine Cup 230 Preliminary 0"]
[Site "LSS email"]
[Date "2022.10.08"]
[Round "?"]
[White "Schnoewitz, Brigitte"]
[Black "Jenneborg, Seved"]
[Result "0-1"]
[WhiteElo "1179"]
[BlackElo "2191"]
[PlyCount "62"]
[EventDate "2022.10.08"]
[EventType "tourn (corr)"]
[EventRounds "6"]
[EventCountry "GER"]
[SourceTitle "Corr 2024"]
[Source "ChessBase"]
[SourceDate "2023.10.19"]
[SourceVersion "1"]
[SourceVersionDate "2023.10.19"]
[SourceQuality "1"]

1. d4 d5 2. Bf4 Bf5 3. e3 e6 4. Nf3 Bd6 5. Bxd6 cxd6 6. c3 Nf6 7. Be2 0-0 8. 0-0 Nc6 9. Nbd2 e5 10. dxe5 dxe5 11. h3 Qe7 12. Nh2 Rad8 13. Ng4 d4 14. Nxf6+ Qxf6 15. exd4 exd4 16. Qc1 dxc3 17. bxc3 Bxh3 18. Ne4 Qe7 19. Ng3 Be6 20. Re1 Qc7 21. Qg5 Rd5 22. Qc1 Ne5 23. Ne4 h6 24. c4 Rd4 25. Bf1 Ng4 26. g3 f5 27. Nc3 f4 28. Ne4 Rxe4 29. Rxe4 fxg3 30. f4 Qc5+ 31. Kg2 Qf2+ 0-1

[Event "LSS No Engine Cup 228 Preliminary 0"]
[Site "LSS email"]
[Date "2022.07.09"]
[Round "?"]
[White "Jenneborg, Seved"]
[Black "Sheers, Matthew"]
[Result "1/2-1/2"]
[WhiteElo "2196"]
[BlackElo "2272"]
[PlyCount "70"]
[EventDate "2022.07.09"]
[EventType "tourn (corr)"]
[EventRounds "6"]
[EventCountry "GER"]
[SourceTitle "Corr 2024"]
[Source "ChessBase"]
[SourceDate "2023.10.19"]
[SourceVersion "1"]
[SourceVersionDate "2023.10.19"]
[SourceQuality "1"]

1. d4 d5 2. Nf3 e6 3. c4 Nf6 4. Nc3 Be7 5. Bf4 0-0 6. e3 Nbd7 7. Be2 dxc4 8. Bxc4 a6 9. a4 c5 10. 0-0 cxd4 11. Qxd4 b6 12. Be2 Bc5 13. Qd3 Qe7 14. e4 e5 15. Nd5 Nxd5 16. Qxd5 Ra7 17. Nxe5 Nxe5 18. Qxe5 Qxe5 19. Bxe5 Re7 20. Bc3 Rxe4 21. Bf3 Rf4 22. Rfc1 Bd4 23. Rd1 Bxc3 24. bxc3 Be6 25. a5 b5 26. Bb7 Bc8 27. Bd5 g6 28. g3 Rf6 29. c4 bxc4 30. Bxc4 Bh3 31. Rab1 Rc6 32. Bf1 Bxf1 33. Kxf1 Rc5 34. Ra1 Rb8 35. Rd6 Rb2 1/2-1/2

[Event "LSS No Engine Cup 226 Preliminary 0"]
[Site "LSS email"]
[Date "2022.03.27"]
[Round "?"]
[White "Chester, Ian"]
[Black "Jenneborg, Seved"]
[Result "0-1"]
[WhiteElo "1715"]
[BlackElo "2186"]
[PlyCount "44"]
[EventDate "2022.03.27"]
[EventType "tourn (corr)"]
[EventRounds "6"]
[EventCountry "GER"]
[SourceTitle "Corr 2024"]
[Source "ChessBase"]
[SourceDate "2023.10.19"]
[SourceVersion "1"]
[SourceVersionDate "2023.10.19"]
[SourceQuality "1"]

1. e4 e5 2. Nf3 d6 3. d4 exd4 4. Nxd4 Nf6 5. Nc3 Be7 6. Bc4 0-0 7. 0-0 c6 8. Re1 b5 9. Bf1 Re8 10. a3 Qc7 11. Bf4 Bf8 12. Qd2 Nbd7 13. Bxb5 cxb5 14. Ndxb5 Qc6 15. Nxd6 Re6 16. Rad1 Nb6 17. e5 Bxd6 18. exd6 Nc4 19. Qc1 Bb7 20. f3 Qb6+ 21. Kh1 Nxb2 22. Be3 Nxd1 0-1

[Event "LSS No Engine Cup 226 Preliminary 0"]
[Site "LSS email"]
[Date "2022.03.27"]
[Round "?"]
[White "Jenneborg, Seved"]
[Black "Csoma, Robert"]
[Result "1-0"]
[WhiteElo "2186"]
[BlackElo "1336"]
[PlyCount "23"]
[EventDate "2022.03.27"]
[EventType "tourn (corr)"]
[EventRounds "6"]
[EventCountry "GER"]
[SourceTitle "Corr 2024"]
[Source "ChessBase"]
[SourceDate "2023.10.19"]
[SourceVersion "1"]
[SourceVersionDate "2023.10.19"]
[SourceQuality "1"]

1. e4 c5 2. c3 d5 3. exd5 Qxd5 4. d4 e5 5. dxe5 Qxe5+ 6. Be2 Bg4 7. Qb3 b6 8. Na3 Be6 9. Nc4 Bxc4 10. Qxc4 Nd7 11. Nf3 Qc7 12. Qe4+ 1-0

[Event "LSS No Engine Cup 226 Preliminary 0"]
[Site "LSS email"]
[Date "2022.03.27"]
[Round "?"]
[White "Sternik, Ryszard"]
[Black "Jenneborg, Seved"]
[Result "0-1"]
[WhiteElo "1810"]
[BlackElo "2186"]
[PlyCount "56"]
[EventDate "2022.03.27"]
[EventType "tourn (corr)"]
[EventRounds "6"]
[EventCountry "GER"]
[SourceTitle "Corr 2024"]
[Source "ChessBase"]
[SourceDate "2023.10.19"]
[SourceVersion "1"]
[SourceVersionDate "2023.10.19"]
[SourceQuality "1"]

1. e4 e6 2. d4 d5 3. exd5 exd5 4. c4 Bb4+ 5. Nc3 Nf6 6. Bd3 dxc4 7. Bxc4 0-0 8. Nf3 Bg4 9. Be3 Nbd7 10. 0-0 Nb6 11. Bd3 Re8 12. h3 Bh5 13. a3 Bd6 14. Bg5 h6 15. Bh4 g5 16. Bg3 Nbd5 17. Bxd6 Qxd6 18. Rc1 Rad8 19. Nxd5 Nxd5 20. g4 Bg6 21. Bxg6 Qxg6 22. Qb3 Re6 23. Rfe1 Rb6 24. Qc2 Qf6 25. Ne5 Nf4 26. Re4 Rbd6 27. Qxc7 Rxd4 28. Re3 Kg7 0-1

[Event "OP-2022-0-05252"]
[Site "LSS email"]
[Date "2022.02.05"]
[Round "?"]
[White "Koehler, Hans Christian"]
[Black "Jenneborg, Seved"]
[Result "0-1"]
[WhiteElo "1409"]
[BlackElo "1840"]
[PlyCount "102"]
[EventDate "2022.02.03"]
[EventType "tourn (corr)"]
[EventRounds "4"]
[EventCountry "GER"]
[SourceTitle "Corr 2024"]
[Source "ChessBase"]
[SourceDate "2023.10.19"]
[SourceVersion "1"]
[SourceVersionDate "2023.10.19"]
[SourceQuality "1"]

1. e4 e5 2. Nf3 Nc6 3. Bb5 Nf6 4. 0-0 Be7 5. Re1 d6 6. h3 0-0 7. c3 a6 8. Ba4 b5 9. Bc2 Bb7 10. d4 exd4 11. cxd4 Nb4 12. Bb3 c5 13. a3 Nc6 14. Nc3 Na5 15. Bc2 Qc7 16. d5 Nd7 17. Ne2 Bf6 18. Rb1 Nc4 19. Nh2 Nce5 20. Ng3 g6 21. f4 Nc4 22. Ng4 Bd4+ 23. Kh2 Nf6 24. Nxf6+ Bxf6 25. b3 Nb6 26. Bb2 Bxb2 27. Rxb2 Rfe8 28. Bb1 Qe7 29. Rbe2 Qd8 30. Qd3 Rb8 31. Qf3 Qh4 32. Qg4 Qxg4 33. hxg4 h6 34. Kh3 Bc8 35. Kh4 Kg7 36. Nf1 a5 37. Nh2 a4 38. b4 cxb4 39. axb4 Ba6 40. g5 hxg5+ 41. Kxg5 Rh8 42. Nf3 Bc8 43. f5 Rh5+ 44. Kf4 gxf5 45. Bd3 Bd7 46. Rc1 fxe4 47. Bxe4 f5 48. Bd3 Nxd5+ 49. Kg3 Nxb4 50. Re7+ Kf6 51. Rxd7 Rg8+ 0-1

[Event "OP-2022-0-05252"]
[Site "LSS email"]
[Date "2022.02.05"]
[Round "?"]
[White "Molina, Vicente Andres"]
[Black "Jenneborg, Seved"]
[Result "0-1"]
[WhiteElo "788"]
[BlackElo "1840"]
[PlyCount "60"]
[EventDate "2022.02.03"]
[EventType "tourn (corr)"]
[EventRounds "4"]
[EventCountry "GER"]
[SourceTitle "Corr 2024"]
[Source "ChessBase"]
[SourceDate "2023.10.19"]
[SourceVersion "1"]
[SourceVersionDate "2023.10.19"]
[SourceQuality "1"]

1. e4 e5 2. Nf3 Nc6 3. Bb5 a6 4. Ba4 Nf6 5. d3 Bc5 6. c3 b5 7. Bc2 d5 8. Bg5 dxe4 9. dxe4 Qxd1+ 10. Kxd1 Bxf2 11. Ke2 Ba7 12. Nbd2 0-0 13. Rad1 Ng4 14. h3 Nf2 15. Rhf1 Nxd1 16. Kxd1 Be6 17. g4 f6 18. Bh4 Bxa2 19. Bf2 Bxf2 20. Rxf2 a5 21. Kc1 a4 22. Ne1 Bf7 23. Nd3 Rfb8 24. Nb4 Nxb4 25. cxb4 Rc8 26. Nf1 a3 27. bxa3 Rxa3 28. Nd2 c5 29. Nb1 cxb4 30. Kd2 Rxc2+ 0-1

[Event "OP-2022-0-05246"]
[Site "LSS email"]
[Date "2022.01.24"]
[Round "?"]
[White "Swiatek, Janusz"]
[Black "Jenneborg, Seved"]
[Result "1-0"]
[WhiteElo "1805"]
[BlackElo "1854"]
[PlyCount "134"]
[EventDate "2022.01.18"]
[EventType "tourn (corr)"]
[EventRounds "4"]
[EventCountry "GER"]
[SourceTitle "Corr 2024"]
[Source "ChessBase"]
[SourceDate "2023.10.19"]
[SourceVersion "1"]
[SourceVersionDate "2023.10.19"]
[SourceQuality "1"]

1. Nf3 Nf6 2. c4 e6 3. d4 d5 4. g3 dxc4 5. Bg2 Bb4+ 6. Bd2 a5 7. Qc2 b6 8. Bxb4 axb4 9. Qxc4 Qe7 10. Ne5 Nd5 11. Nc6 Ba6 12. Qc2 Qd6 13. Nxb8 Rxb8 14. Qa4+ b5 15. Qc2 Bb7 16. 0-0 Nb6 17. Bxb7 Rxb7 18. Rc1 0-0 19. Nd2 h6 20. Nf3 Ra8 21. Qd3 c6 22. Ne5 Rc7 23. e3 f6 24. Ng6 e5 25. h4 Nc4 26. b3 Nb6 27. h5 exd4 28. exd4 Nd5 29. Nh4 Qd7 30. Qf3 Rca7 31. Nf5 Rxa2 32. Rxa2 Rxa2 33. Qg4 Kf8 34. Re1 Ra8 35. Rc1 Ra2 36. Re1 Ra8 37. Kh2 Qf7 38. Kh3 Qd7 39. Qg6 Qf7 40. Qg4 Qd7 41. Kh2 Qf7 42. Kg2 Rd8 43. Kg1 Rb8 44. Ra1 Rd8 45. Kf1 Nc7 46. Ra7 Rd7 47. Rb7 Ne6 48. Rxd7 Qxd7 49. Nxg7 f5 50. Nxf5 Nxd4 51. Qxd4 Qxf5 52. Qd6+ Kf7 53. Qc7+ Kg8 54. Qxc6 Qxh5 55. Qe6+ Kg7 56. Qe7+ Kg8 57. Qxb4 Qf3 58. Qxb5 Qh1+ 59. Ke2 Qe4+ 60. Kf1 Qh1+ 61. Ke2 Qe4+ 62. Kd2 Qd4+ 63. Ke1 Qe4+ 64. Qe2 Qb1+ 65. Qd1 Qe4+ 66. Kd2 Qd4+ 67. Kc1 Qxf2 1-0

[Event "OP-2022-0-05243"]
[Site "LSS email"]
[Date "2022.01.14"]
[Round "?"]
[White "Jenneborg, Seved"]
[Black "Baltar, Antoni"]
[Result "0-1"]
[WhiteElo "1860"]
[BlackElo "1979"]
[PlyCount "126"]
[EventDate "2022.01.12"]
[EventType "tourn (corr)"]
[EventRounds "4"]
[EventCountry "GER"]
[SourceTitle "Corr 2024"]
[Source "ChessBase"]
[SourceDate "2023.10.19"]
[SourceVersion "1"]
[SourceVersionDate "2023.10.19"]
[SourceQuality "1"]

1. e4 e5 2. Nf3 Nc6 3. Bb5 f5 4. d3 fxe4 5. dxe4 Nf6 6. 0-0 Bc5 7. Bxc6 bxc6 8. Nxe5 0-0 9. Nc3 d6 10. Nd3 Bd4 11. Ne2 Bb6 12. Ng3 Ng4 13. Nf5 Bxf5 14. exf5 Qh4 15. h3 Nxf2 16. Rxf2 Rxf5 17. Qe2 Qf6 18. Bd2 Bxf2+ 19. Nxf2 Qxb2 20. Qe6+ Kh8 21. Rc1 Qe5 22. Qxe5 Rxe5 23. Nd3 Re2 24. Ba5 Rc8 25. Kf1 Re7 26. Rb1 Kg8 27. Rb7 a6 28. Ra7 c5 29. a3 h6 30. Kg1 g5 31. Kf2 Kf7 32. Rxa6 Re4 33. Bd2 Rce8 34. Kf1 Rd4 35. Be1 Rc4 36. c3 Rce4 37. Bf2 Rc4 38. Be1 Rce4 39. Bf2 Rb8 40. Ne1 Ke7 41. a4 Rc4 42. Nf3 Rxc3 43. Ra5 Rc1+ 44. Ne1 Kd7 45. h4 gxh4 46. Bxh4 Ra1 47. Rb5 Rb6 48. Bf6 Rxa4 49. Rb2 Rxb2 50. Bxb2 h5 51. Nf3 Ra2 52. Bf6 c4 53. Bh4 c3 54. Nd4 c5 55. Nf5 c2 56. Bg5 c1Q+ 57. Bxc1 Ra1 58. Ke2 Rxc1 59. Ng3 h4 60. Nf5 Rc4 61. Kf3 Ke6 62. Ne3 Rc3 63. Ke2 Rxe3+ 0-1

[Event "OP-2022-0-05243"]
[Site "LSS email"]
[Date "2022.01.14"]
[Round "?"]
[White "Martin, Simone"]
[Black "Jenneborg, Seved"]
[Result "1-0"]
[WhiteElo "2099"]
[BlackElo "1860"]
[PlyCount "59"]
[EventDate "2022.01.12"]
[EventType "tourn (corr)"]
[EventRounds "4"]
[EventCountry "GER"]
[SourceTitle "Corr 2024"]
[Source "ChessBase"]
[SourceDate "2023.10.19"]
[SourceVersion "1"]
[SourceVersionDate "2023.10.19"]
[SourceQuality "1"]

1. e4 e5 2. Nf3 d6 3. d4 exd4 4. Qxd4 Nf6 5. Bg5 Be7 6. Nc3 0-0 7. 0-0-0 h6 8. Bf4 Nc6 9. Qd2 a6 10. Rg1 Kh8 11. h3 b5 12. g4 b4 13. Nd5 Nxe4 14. Qe3 Nc5 15. Bxh6 Be6 16. g5 b3 17. axb3 Nd7 18. Bxg7+ Kxg7 19. Nf4 Rg8 20. g6 Kf8 21. gxf7 Bxf7 22. Bc4 Nde5 23. Rxg8+ Bxg8 24. Ng6+ Ke8 25. Ngxe5 Nxe5 26. Bxg8 Bf6 27. Nxe5 dxe5 28. Rxd8+ Rxd8 29. f4 Rd6 30. fxe5 1-0

[Event "OP-2022-0-05238"]
[Site "LSS email"]
[Date "2022.01.05"]
[Round "?"]
[White "Hoffmann, Thomas"]
[Black "Jenneborg, Seved"]
[Result "1-0"]
[WhiteElo "2141"]
[BlackElo "1872"]
[PlyCount "95"]
[EventDate "2022.01.04"]
[EventType "tourn (corr)"]
[EventRounds "4"]
[EventCountry "GER"]
[SourceTitle "Corr 2024"]
[Source "ChessBase"]
[SourceDate "2023.10.19"]
[SourceVersion "1"]
[SourceVersionDate "2023.10.19"]
[SourceQuality "1"]

1. e4 e5 2. Nf3 d6 3. d4 exd4 4. Nxd4 Be7 5. Nc3 Nf6 6. Bf4 0-0 7. Qd2 Nc6 8. 0-0-0 Nxd4 9. Qxd4 a6 10. e5 dxe5 11. Qxe5 Bd6 12. Qd4 Be7 13. Qc4 Bd6 14. Bxd6 cxd6 15. Qd4 Be6 16. Qxd6 Qa5 17. a3 Rfc8 18. Qb4 Qxb4 19. axb4 a5 20. b5 a4 21. Rd4 a3 22. Kb1 g6 23. Bd3 Kg7 24. Rd1 h6 25. Na4 axb2 26. Kxb2 Ng4 27. Rd2 Nf6 28. f3 Rc7 29. Nb6 Ra2+ 30. Kb1 Rc5 31. Re2 Ra3 32. c4 Rxd3 33. Rxd3 Bf5 34. Kc2 Ng8 35. g4 Bxd3+ 36. Kxd3 Rc7 37. Nd5 Rd7 38. Kd4 Rd8 39. Kc5 Kf8 40. Kb6 Rd7 41. Ra2 Kg7 42. Ra7 Kh8 43. Ra8 f5 44. Rxg8+ Kxg8 45. Nf6+ Kf7 46. Nxd7 fxg4 47. fxg4 Ke6 48. Nc5+ 1-0

[Event "OP-2022-0-05238"]
[Site "LSS email"]
[Date "2022.01.05"]
[Round "?"]
[White "Jenneborg, Seved"]
[Black "Martin, Simone"]
[Result "0-1"]
[WhiteElo "1872"]
[BlackElo "2103"]
[PlyCount "129"]
[EventDate "2022.01.04"]
[EventType "tourn (corr)"]
[EventRounds "4"]
[EventCountry "GER"]
[SourceTitle "Corr 2024"]
[Source "ChessBase"]
[SourceDate "2023.10.19"]
[SourceVersion "1"]
[SourceVersionDate "2023.10.19"]
[SourceQuality "1"]

1. Nf3 Nf6 2. d4 e6 3. c4 b6 4. a3 Bb7 5. Nc3 Ne4 6. Nxe4 Bxe4 7. e3 Be7 8. Bd3 d5 9. Bxe4 dxe4 10. Nd2 f5 11. f3 e5 12. d5 exf3 13. Qxf3 0-0 14. d6 Qxd6 15. Qxa8 Nc6 16. Qb7 Rb8 17. c5 Bh4+ 18. Kd1 Qg6 19. Qa6 b5 20. g3 f4 21. e4 Be7 22. b4 Qg4+ 23. Kc2 Nd4+ 24. Kb1 fxg3 25. hxg3 Bg5 26. Qxa7 Re8 27. Qb7 Bxd2 28. Qd5+ Kh8 29. Bb2 Qf3 30. Ka2 Bc3 31. Rh2 Bxb2 32. Kxb2 c6 33. Qa2 Rf8 34. a4 Qxg3 35. Rah1 h6 36. axb5 cxb5 37. Qa6 Kg8 38. Kb1 Qd3+ 39. Ka1 Rf6 40. Qa2+ Kh7 41. Rb2 Qe3 42. Qa8 Nb3+ 43. Ka2 Nc1+ 44. Kb1 Ne2 45. Ka1 Qc3 46. Rd1 Nc1 47. Kb1 Nd3 48. Qa2 Nxb2 49. Qxb2 Qe3 50. Rd2 Ra6 51. Qc2 Ra4 52. Qd1 Rxb4+ 53. Rb2 Rxb2+ 54. Kxb2 Qxc5 55. Qf3 b4 56. Qf5+ Kg8 57. Qe6+ Kh7 58. Qf5+ Kh8 59. Qf7 Qc3+ 60. Kb1 Qd3+ 61. Kb2 Qxe4 62. Qf1 h5 63. Qf7 Qg4 64. Qe8+ Kh7 65. Qxe5 0-1

[Event "OP-2021-0-05229"]
[Site "LSS email"]
[Date "2021.12.16"]
[Round "?"]
[White "Jenneborg, Seved"]
[Black "Zhu, Gnail"]
[Result "1-0"]
[WhiteElo "1869"]
[BlackElo "800"]
[PlyCount "43"]
[EventDate "2021.12.16"]
[EventType "tourn (corr)"]
[EventRounds "4"]
[EventCountry "GER"]
[SourceTitle "Corr 2024"]
[Source "ChessBase"]
[SourceDate "2023.10.19"]
[SourceVersion "1"]
[SourceVersionDate "2023.10.19"]
[SourceQuality "1"]

1. e4 c5 2. c3 Nf6 3. e5 Nd5 4. d4 cxd4 5. cxd4 d6 6. Nf3 Nc6 7. Bc4 e6 8. 0-0 Be7 9. a3 0-0 10. Bd2 Nb6 11. Ba2 dxe5 12. dxe5 Nd4 13. Bf4 Nf5 14. Nc3 Bd7 15. Qe2 Na4 16. Rfd1 Nxc3 17. bxc3 Rc8 18. c4 Bc5 19. Bb1 Qe8 20. g4 Ne7 21. Bxh7+ Kh8 22. Qf1 1-0

[Event "OP-2021-0-05226"]
[Site "LSS email"]
[Date "2021.12.11"]
[Round "?"]
[White "Rojas, Fernando"]
[Black "Jenneborg, Seved"]
[Result "0-1"]
[WhiteElo "1273"]
[BlackElo "1869"]
[PlyCount "42"]
[EventDate "2021.12.07"]
[EventType "tourn (corr)"]
[EventRounds "4"]
[EventCountry "GER"]
[SourceTitle "Corr 2024"]
[Source "ChessBase"]
[SourceDate "2023.10.19"]
[SourceVersion "1"]
[SourceVersionDate "2023.10.19"]
[SourceQuality "1"]

1. e4 e5 2. Nf3 d6 3. d4 exd4 4. Nxd4 Nf6 5. Nc3 Be7 6. Be2 0-0 7. 0-0 c5 8. Nb3 Nc6 9. Be3 Re8 10. Qe1 Qc7 11. Nb5 Qb8 12. f3 a6 13. Nc3 d5 14. exd5 Nb4 15. Qd2 Bd6 16. f4 Rxe3 17. Qxe3 Nxc2 18. Qf3 Nxa1 19. Nxa1 Bg4 20. Qf2 Bxe2 21. Qxe2 Bxf4 0-1

[Event "LSS No Engine Cup 223 Preliminary 0"]
[Site "LSS email"]
[Date "2021.11.19"]
[Round "?"]
[White "Jenneborg, Seved"]
[Black "Wuttke, Bodo"]
[Result "1/2-1/2"]
[WhiteElo "2188"]
[BlackElo "2149"]
[PlyCount "74"]
[EventDate "2021.11.19"]
[EventType "tourn (corr)"]
[EventRounds "6"]
[EventCountry "GER"]
[SourceTitle "Corr 2024"]
[Source "ChessBase"]
[SourceDate "2023.10.19"]
[SourceVersion "1"]
[SourceVersionDate "2023.10.19"]
[SourceQuality "1"]

1. d4 Nf6 2. c4 e6 3. Nc3 Bb4 4. Bf4 c5 5. e3 cxd4 6. exd4 0-0 7. Nf3 d5 8. Bd3 Nc6 9. 0-0 dxc4 10. Bxc4 b6 11. a3 Bxc3 12. bxc3 Bb7 13. Bd3 Rc8 14. Re1 Na5 15. Rc1 Nd5 16. Bd2 Nc4 17. Bxc4 Rxc4 18. Ne5 Rc7 19. c4 Ne7 20. Qg4 Bc8 21. Nf3 Bb7 22. Nh4 Ba6 23. Bg5 h5 24. Qe4 Bxc4 25. Ng6 fxg6 26. Rxc4 Rxc4 27. Qxe6+ Rf7 28. Qxc4 Qd5 29. Qxd5 Nxd5 30. Re8+ Rf8 31. Re6 Nf6 32. Bxf6 Rxf6 33. Re7 Rf7 34. Re8+ Rf8 35. Re7 Rf7 36. Re8+ Rf8 37. Re7 Rf7 1/2-1/2

[Event "LSS No Engine Cup 222 Preliminary 0"]
[Site "LSS email"]
[Date "2021.10.23"]
[Round "?"]
[White "Kocian, Stefan"]
[Black "Jenneborg, Seved"]
[Result "0-1"]
[WhiteElo "1310"]
[BlackElo "2188"]
[PlyCount "46"]
[EventDate "2021.10.23"]
[EventType "tourn (corr)"]
[EventRounds "6"]
[EventCountry "GER"]
[SourceTitle "Corr 2024"]
[Source "ChessBase"]
[SourceDate "2023.10.19"]
[SourceVersion "1"]
[SourceVersionDate "2023.10.19"]
[SourceQuality "1"]

1. e4 c5 2. Nf3 d6 3. d4 Nf6 4. dxc5 Nxe4 5. cxd6 Nc6 6. Be3 Qa5+ 7. c3 Nxd6 8. Bd3 Bf5 9. Bxf5 Nxf5 10. Qe2 Nxe3 11. Qxe3 e6 12. 0-0 Rc8 13. Nbd2 Be7 14. Nb3 Qa6 15. Nc5 Qc4 16. Ne4 0-0 17. Ned2 Qa4 18. Qe4 Qxe4 19. Nxe4 f5 20. Ned2 e5 21. Rfe1 e4 22. Nd4 Nxd4 23. cxd4 Rc2 0-1

[Event "LSS No Engine Cup 219 Preliminary 0"]
[Site "LSS email"]
[Date "2021.07.10"]
[Round "?"]
[White "Jenneborg, Seved"]
[Black "Tylecek, Drahomir"]
[Result "1-0"]
[WhiteElo "2196"]
[BlackElo "1489"]
[PlyCount "51"]
[EventDate "2021.07.10"]
[EventType "tourn (corr)"]
[EventRounds "6"]
[EventCountry "GER"]
[SourceTitle "Corr 2024"]
[Source "ChessBase"]
[SourceDate "2023.10.19"]
[SourceVersion "1"]
[SourceVersionDate "2023.10.19"]
[SourceQuality "1"]

1. e4 e5 2. Nf3 Nc6 3. Bb5 f5 4. d3 Nf6 5. 0-0 Bc5 6. exf5 0-0 7. Nbd2 d5 8. Bxc6 bxc6 9. Nxe5 Bxf5 10. Nb3 Bd6 11. f4 c5 12. Qf3 Qe8 13. Re1 Bxe5 14. fxe5 Bg4 15. Qg3 Qh5 16. exf6 Rxf6 17. Re5 Raf8 18. Be3 Bd1 19. h3 Qe2 20. Bxc5 Qf1+ 21. Kh2 Rg6 22. Nd2 Qf7 23. Qe3 d4 24. Qxd4 Rxg2+ 25. Kxg2 Bf3+ 26. Nxf3 1-0

[Event "LSS No Engine Cup 219 Preliminary 0"]
[Site "LSS email"]
[Date "2021.07.10"]
[Round "?"]
[White "Schleef, Harald"]
[Black "Jenneborg, Seved"]
[Result "1-0"]
[WhiteElo "2373"]
[BlackElo "2196"]
[PlyCount "111"]
[EventDate "2021.07.10"]
[EventType "tourn (corr)"]
[EventRounds "6"]
[EventCountry "GER"]
[SourceTitle "Corr 2024"]
[Source "ChessBase"]
[SourceDate "2023.10.19"]
[SourceVersion "1"]
[SourceVersionDate "2023.10.19"]
[SourceQuality "1"]

1. e4 c5 2. Nf3 d6 3. d4 cxd4 4. Nxd4 Nf6 5. Nc3 a6 6. f3 e5 7. Nb3 Be7 8. Be3 0-0 9. Qd2 Be6 10. 0-0-0 Nbd7 11. g4 b5 12. Rg1 Nb6 13. Na5 Rc8 14. g5 Nh5 15. Kb1 g6 16. a3 Qc7 17. Nd5 Nxd5 18. exd5 Bxd5 19. Qxd5 Qxa5 20. h4 Qc7 21. c4 Ng7 22. Bd3 bxc4 23. Rc1 Qd7 24. Bxc4 Qe6 25. Qe4 Qf5 26. Rgd1 a5 27. Rd5 a4 28. Ra5 Bd8 29. Rxa4 Rxc4 30. Rcxc4 d5 31. Qxf5 Nxf5 32. Rc8 Nxe3 33. Raa8 Be7 34. a4 e4 35. fxe4 dxe4 36. Rxf8+ Bxf8 37. a5 Nd5 38. a6 Nc7 39. Ra7 Nxa6 40. Rxa6 Kg7 41. Ra4 f5 42. gxf6+ Kxf6 43. Rxe4 Kf5 44. Rd4 Ke5 45. Rc4 h6 46. Kc2 g5 47. Kd3 Kd6 48. h5 Kd5 49. Rd4+ Kc6 50. Ke4 Bg7 51. Rc4+ Kd7 52. b4 Bf8 53. b5 Bd6 54. Kd5 Bb8 55. Rc6 Ke7 56. Rxh6 1-0